Movies By 1 Actor and 1 Actress - Matthew McConaughey Edition - Statistics

General Stats
  • This quiz has been taken 12 times
    7 since last reset
  • The average score is 6 of 26
Answer Stats
Cast Movie % Correct
Anne Hathaway, Michael Caine Interstellar
100%
Leonardo DiCaprio, Margot Robbie The Wolf of Wall Street
100%
Charlie Hunnam, Michelle Dockery The Gentlemen
67%
Samuel L. Jackson, Sandra Bullock A Time To Kill
50%
Scarlett Johansson, John C. Reilly Sing
50%
Milla Jovovich, Ben Affleck Dazed and Confused
33%
Sam Shepard, Reese Witherspoon Mud
33%
Idris Elba, Claudia Kim The Dark Tower
33%
Josh Lucas, Marisa Tomei The Lincoln Lawyer
33%
Ben Stiller, Jennifer Love Hewitt Tropic Thunder
33%
Djimon Hounsou, Anna Paquin Amistad
17%
Whoopi Goldberg, James Remar Boys on the Side
17%
Gugu Mbatha Raw, Mahershala Ali Free State of Jones
17%
Emile Hirsch, Juno Temple Killer Joe
17%
Penelope Cruz, William H. Macy Sahara
17%
Anne Hathaway, Djimon Hounsou Serenity
17%
Jodie Foster, James Woods Contact
0%
Woody Harrelson, Ellen DeGeneres EdTV
0%
Bill Murray, Jeanene Garofalo Larger Than Life
0%
Christian Bale, Izabella Scorupco Reign of Fire
0%
Ethan Hawke, Julianna Marguiles The Newton Boys
0%
Renee Zellweger, Robert Jacks The Return of the Texas Chainsaw Massacre
0%
Ken Watanabe, Naomi Watts The Sea of Trees
0%
Al Pacino, Rene Russo Two For The Money
0%
Matthew Fox, Kate Mara We Are Marshall
0%
Jennifer Jason Leigh, Bruce Dern White Boy Rick
0%
No matching quizzes found
Score Distribution
Percent of People with Each Score
Percentile by Number Answered
Your Score History
You have not taken this quiz since the last reset